Tsar Nicholas II - Statistics

General Stats
  • This quiz has been taken 183 times
  • The average score is 9 of 20
Answer Stats
Question Answer % Correct
Nicholas was the last Tsar of which country Russia
100%
In 1914 Nicholas entered this globan conflict. World War One
76%
Russia lost a war against which country in 1905? Japan
74%
Who did Nicholas and his wife come to rely on due to their son's conditon? Rasputin
74%
Which dynasty did Nicholas belong to? Romanov
72%
His wife was a princess from where? Germany
71%
During the Revolution Nicholas was forced to do what? Abdicate
57%
Anastasia
55%
When did Nicholas became Tsar? 1894
50%
Russia's contributiin in World War One eventually sparked what? A revolution
48%
Who assassinated Nicholas and his family? Bolsheviks
47%
Alexei
45%
What were the names of Nicolas' children? Olga
36%
Nicholas' only son had which blood disorder? Haemophilia
30%
What kind of ruler was Nicholas? Autocratic
28%
Maria
28%
Tatiana
28%
What was Nicholas' religion? Russian Orthodoxy
7%
The Russian Orthodox Church canonised Nicholas and his family as what? Passion Bearers
5%
The building where the imperial family died is now known as what? The Church on the Blood
2%
No matching quizzes found
Score Distribution
Percent of People with Each Score
Percentile by Number Answered
Your Score History
You have not taken this quiz